| 000 | 00736nam a22002057a 4500 | ||
|---|---|---|---|
| 003 | NUST - PNEC | ||
| 005 | 20170116180749.0 | ||
| 008 | 150304b xxu||||| |||| 00| 0 eng d | ||
| 020 | _a9788131760901 | ||
| 040 | _cLIBRARY | ||
| 082 | _a621.313 GHO | ||
| 100 |
_91581 _aGhosh Smarajit |
||
| 245 |
_aElectrical machines _cSmarajit Ghosh |
||
| 250 | _a2nd ed. | ||
| 260 |
_aNew Delhi : _bDorling Kindersley (India) Pvt. Ltd, _cc2012. |
||
| 300 |
_axxi, 824 pages : _billustrations ; _c23 cm |
||
| 650 |
_91582 _aElectric machinery _xME, IME |
||
| 856 | _uhttp://www.amazon.com/Electrical-Machines-Smarajit-Ghosh-ebook/dp/B00CDIDLXK/ref=sr_1_cc_1?s=aps&ie=UTF8&qid=1425442887&sr=1-1-catcorr&keywords=9788131760901 | ||
| 942 |
_2ddc _cBK |
||
| 999 |
_c62473 _d62473 |
||